| 000 | 00000nas 2200000za 4500 |
| 001 | 9.864435 |
| 003 | CaOODSP |
| 005 | 20221107161535 |
| 007 | cr ||||||||||| |
| 008 | 181108d19601960oncar p oss f0###b0fre|d |
| 022 | |y0575-9307 |
| 040 | |aCaOODSP|bfre |
| 041 | |aeng|afre |
| 043 | |an-cn--- |
| 086 | 1 |aCS36-208-PDF |
| 245 | 00|aPaper box manufacturers |h[ressource électronique] = |bManufacturiers de boîtes en carton. |
| 246 | 11|aManufacturiers de boîtes en carton |
| 260 | |a[Ottawa] : |bDominion Bureau of Statistics, Industry and Merchandising Division = Bureau fédéral de la statistique, Division de l'industrie et du commerce, |c1962. |
| 310 | |aAnnuel |
| 362 | 0 |a1960. |
| 490 | 0 |aAnnual census of manufactures = |aRecensement annuel des manufactures |
| 500 | |aÉdition numérisée de l’imprimé [par Statistique Canada]. |
| 546 | |aTexte en anglais et en français. |
| 580 | |aScindé en : Manufacturers of folding cartons and set-up boxes; et, Manufacturers of corrugated boxes. |
| 653 | 2|aBoîtes |
| 692 | 07|2gccst|aIndustrie des pâtes et papiers |
| 692 | 07|2gccst|aIndustrie de la fabrication |
| 710 | 1 |aCanada. |bBureau fédéral de la statistique. |bDivision de l'industrie et du commerce. |
| 780 | 00|tThe paper box and bag industry |w(CaOODSP)9.864125 |
| 791 | |tPaper box manufacturers |eeng|w(CaOODSP)9.864434 |